00493nam a22001577a 4500003000400000008004100004020001800045082002000063100002500083245010600108260004600214300001700260650002600277650001600303650001600319OSt260303b2017 |||||||| |||| 00| 0 eng d a9781633693722 a658.4013bDAV-C aDavenport, Thomas H. aCompeting on analytics :bupdated with a new introduction /cThomas H. Davenport and Jeanne G. Harris aBoston :bHarvard Business Review,c2017. aix, 295 p. ; aBusiness intelligence aData mining aCompetition